[Event "Kerkinitida Cup Blitz"]
[Site "Evpatoria"]
[Date "2023.09.03"]
[Round "1"]
[White "Triapishko, Alexandr"]
[Black "Savvopulo, Anatolij"]
[Result "1-0"]
[WhiteElo "2499"]
[BlackElo "2023"]
[PlyCount "62"]
[EventDate "2023.09.03"]
[EventType "swiss (blitz)"]
[EventRounds "13"]
[EventCountry "UKR"]
[SourceTitle "CBM 216 Extra"]
[Source "ChessBase"]
[SourceDate "2023.11.30"]
[SourceVersion "1"]
[SourceVersionDate "2023.11.30"]
[SourceQuality "1"]

1. e4 c6 2. Nf3 d5 3. d3 dxe4 4. dxe4 Qxd1+ 5. Kxd1 Bg4 6. Be2 Nd7 7. Ne1 Bxe2+ 8. Kxe2 Ngf6 9. f3 g6 10. Nd3 e5 11. a4 Bg7 12. Be3 0-0 13. Na3 b6 14. Nc4 Rfd8 15. Rhd1 Ne8 16. c3 f6 17. Rd2 Bf8 18. Rad1 Nc5 19. Nxc5 Rxd2+ 20. Rxd2 bxc5 21. Rd7 a6 22. a5 Rb8 23. Ra7 Nd6 24. Nb6 Nb5 25. Rxa6 Rb7 26. Nc4 Nd6 27. Rb6 Ra7 28. Nxd6 Bxd6 29. Rxc6 Be7 30. Bxc5 Kf7 31. Bxa7 Ke8 1-0

[Event "Kerkinitida Cup Rapid"]
[Site "Evpatoria"]
[Date "2023.08.31"]
[Round "2"]
[White "Savvopulo, Anatolij"]
[Black "Khripachenko, Alexander"]
[Result "0-1"]
[WhiteElo "2023"]
[BlackElo "2158"]
[PlyCount "98"]
[EventDate "2023.08.31"]
[EventType "swiss (rapid)"]
[EventRounds "11"]
[EventCountry "UKR"]
[SourceTitle "CBM 216 Extra"]
[Source "ChessBase"]
[SourceDate "2023.11.30"]
[SourceVersion "1"]
[SourceVersionDate "2023.11.30"]
[SourceQuality "1"]

1. e4 c5 2. Nf3 e6 3. d4 cxd4 4. Nxd4 Nc6 5. Be3 Nf6 6. Bd3 e5 7. Nxc6 dxc6 8. 0-0 Ng4 9. Bd2 Bc5 10. h3 Nf6 11. Qe2 0-0 12. Bg5 h6 13. Bh4 Be6 14. Nd2 Be7 15. Nc4 Nd7 16. Bg3 Qc7 17. Ne3 b5 18. Nf5 Bg5 19. h4 Bf4 20. Qf3 Bxg3 21. Nxg3 Nc5 22. Rad1 a5 23. a3 b4 24. axb4 axb4 25. Ra1 Rad8 26. Rfd1 Qe7 27. Nf5 Bxf5 28. Qxf5 b3 29. Qh3 bxc2 30. Bxc2 Ne6 31. Bb3 Nf4 32. Qg4 h5 33. Qg5 Rxd1+ 34. Rxd1 Qb4 35. Bxf7+ Rxf7 36. Qxe5 Qe7 37. Qxe7 Rxe7 38. f3 Rb7 39. g3 Ne2+ 40. Kf2 Rxb2 41. Re1 Nf4+ 42. Kf1 Nd3 43. Re3 Rd2 44. e5 Kf7 45. e6+ Ke7 46. g4 hxg4 47. fxg4 c5 48. Re4 Rf2+ 49. Kg1 Rf4 0-1

[Event "Yalta Yialos Blitz"]
[Site "Yalta"]
[Date "2022.08.31"]
[Round "10"]
[White "Savvopulo, Anatolij"]
[Black "Khripachenko, Alexander"]
[Result "0-1"]
[WhiteElo "2005"]
[BlackElo "2137"]
[PlyCount "90"]
[EventDate "2022.08.31"]
[EventType "swiss (blitz)"]
[EventRounds "13"]
[EventCountry "UKR"]
[SourceTitle "CBM 210 Extra"]
[Source "ChessBase"]
[SourceDate "2022.11.30"]
[SourceVersion "1"]
[SourceVersionDate "2022.11.30"]
[SourceQuality "1"]

1. d4 Nf6 2. c4 g6 3. h4 c5 4. d5 Bg7 5. Nc3 d6 6. e4 e6 7. Be2 exd5 8. exd5 h6 9. Bf4 Bf5 10. Qd2 a6 11. f3 Nh5 12. Be3 Ng3 13. Rh2 Nd7 14. Bd3 Bxd3 15. Qxd3 Ne5 16. Qc2 0-0 17. Ne4 Nxe4 18. fxe4 Ng4 19. Rh3 Nxe3 20. Rxe3 Bd4 21. Qd3 Qxh4+ 22. g3 Qg5 23. Ke2 Qxe3+ 24. Qxe3 Bxe3 25. Kxe3 Rfe8 26. Kf4 b5 27. Nf3 f6 28. Rc1 Kg7 29. g4 Rab8 30. b3 a5 31. cxb5 Rxb5 32. Rc4 Rb4 33. Nd2 Kf7 34. a3 Rb6 35. Ra4 Ra8 36. Nc4 Rba6 37. Kf3 Ke7 38. Nd2 Rb8 39. Rc4 a4 40. b4 cxb4 41. axb4 a3 42. Rc7+ Kd8 43. Rg7 a2 44. Nb3 Ra3 45. Rg8+ Kc7 0-1

[Event "Yalta Yialos Blitz"]
[Site "Yalta"]
[Date "2022.08.31"]
[Round "2"]
[White "Savvopulo, Anatolij"]
[Black "Truskavetsky, Alexandr"]
[Result "0-1"]
[WhiteElo "2005"]
[BlackElo "2370"]
[PlyCount "45"]
[EventDate "2022.08.31"]
[EventType "swiss (blitz)"]
[EventRounds "13"]
[EventCountry "UKR"]
[SourceTitle "CBM 210 Extra"]
[Source "ChessBase"]
[SourceDate "2022.11.30"]
[SourceVersion "1"]
[SourceVersionDate "2022.11.30"]
[SourceQuality "1"]

1. Nf3 Nf6 2. c4 c5 3. Nc3 g6 4. g3 Bg7 5. Bg2 0-0 6. 0-0 Nc6 7. d4 cxd4 8. Nxd4 d6 9. h3 Nxd4 10. Qxd4 Be6 11. Rd1 Nd5 12. Qd3 Nxc3 13. bxc3 Qc8 14. Rb1 Rb8 15. Qe3 Qxc4 16. Qxa7 Qxe2 17. Bg5 Rfe8 18. Bxb7 Qxa2 19. Qe3 Bxh3 20. Ra1 Qc2 21. Rac1 Qf5 22. Be4 Qe6 23. Bg2 0-1

[Event "Yalta Yialos Rapid"]
[Site "Yalta"]
[Date "2022.08.03"]
[Round "9"]
[White "Savvopulo, Anatolij"]
[Black "Kryakvin, Andrey"]
[Result "1/2-1/2"]
[WhiteElo "2005"]
[BlackElo "1526"]
[PlyCount "233"]
[EventDate "2022.08.01"]
[EventType "swiss (rapid)"]
[EventRounds "11"]
[EventCountry "UKR"]
[SourceTitle "EXT 2023"]
[Source "ChessBase"]
[SourceDate "2022.10.05"]
[SourceVersion "1"]
[SourceVersionDate "2022.10.05"]
[SourceQuality "1"]

1. Nf3 Nf6 2. c4 e6 3. d4 d5 4. cxd5 exd5 5. Nc3 Bd6 6. Bg5 c6 7. e3 0-0 8. Bd3 Nbd7 9. 0-0 h6 10. Bh4 b6 11. Rc1 Bb7 12. Bg3 Bxg3 13. hxg3 c5 14. b3 Rc8 15. Nb5 Ne4 16. Nd2 a6 17. Bxe4 axb5 18. Bf5 Qe7 19. Qg4 Nf6 20. Qe2 Ra8 21. Rc2 cxd4 22. Rfc1 dxe3 23. Nf3 exf2+ 24. Qxf2 Ne4 25. Bxe4 dxe4 26. Rc7 Qf6 27. Rxb7 exf3 28. Rxb6 Qg5 29. Rc5 Qd8 30. Rbxb5 fxg2 31. Kxg2 Qd3 32. a4 Rfe8 33. Rd5 Qe4+ 34. Kh2 Rad8 35. Qg2 Qe1 36. Rxd8 Rxd8 37. Rd5 Rb8 38. Qc2 Re8 39. Rd2 g6 40. a5 Re3 41. Rg2 Qxa5 42. Qc8+ Kg7 43. Qc4 Qh5+ 44. Kg1 Qd1+ 45. Kh2 Re1 46. Rf2 Rh1+ 47. Kg2 Qg1+ 48. Kf3 Qd1+ 49. Kf4 Qd6+ 50. Kf3 Qd1+ 51. Kf4 Qd6+ 52. Kf3 Rh3 53. Ke2 Qe7+ 54. Kf3 Qd6 55. Ke2 Qe7+ 56. Kf3 Qd6 57. Ke2 Qe7+ 58. Kf3 Rh5 59. g4 Rh3+ 60. Kg2 Re3 61. Rxf7+ Qxf7 62. Qd4+ Kh7 63. Qxe3 Qd5+ 64. Kf2 Qf7+ 65. Qf3 Qa7+ 66. Kg2 Qc7 67. Qe4 Qd7 68. b4 Qd2+ 69. Kf3 Qc3+ 70. Ke2 Qb2+ 71. Kd1 Qb3+ 72. Kd2 Qb2+ 73. Kd3 Qb3+ 74. Ke2 Qb2+ 75. Kf3 Qc3+ 76. Kf4 Qf6+ 77. Kg3 Qc3+ 78. Kg2 Qd2+ 79. Kh1 Qd1+ 80. Kh2 Qd2+ 81. Kg1 Qd1+ 82. Kf2 Qd2+ 83. Kf1 Qd1+ 84. Kg2 Qd2+ 85. Kh1 Qd1+ 86. Kh2 Qd2+ 87. Kg3 Qc3+ 88. Qf3 Qxb4 89. Qf7+ Kh8 90. Qf6+ Kh7 91. Qf7+ Kh8 92. Qxg6 Qc3+ 93. Kf4 Qd2+ 94. Kf5 Qg5+ 95. Qxg5 hxg5 96. Kg6 Kg8 97. Kh6 Kh8 98. Kg6 Kg8 99. Kf6 Kf8 100. Ke6 Ke8 101. Kd6 Kd8 102. Ke5 Ke7 103. Kf5 Kf7 104. Kxg5 Kg7 105. Kh5 Kh7 106. g5 Kg7 107. g6 Kg8 108. Kh6 Kh8 109. Kg5 Kg7 110. Kf5 Kg8 111. Kg4 Kg7 112. Kg5 Kg8 113. Kf5 Kg7 114. Kg5 Kg8 115. Kh6 Kh8 116. g7+ Kg8 117. Kg6 1/2-1/2

[Event "Alushta op"]
[Site "Alushta"]
[Date "2022.07.11"]
[Round "6"]
[White "Chernokulskaya, Alina"]
[Black "Savvopulo, Anatolij"]
[Result "1-0"]
[WhiteElo "1747"]
[BlackElo "2005"]
[PlyCount "133"]
[EventDate "2022.07.06"]
[EventType "swiss"]
[EventRounds "9"]
[EventCountry "UKR"]
[SourceTitle "EXT 2023"]
[Source "ChessBase"]
[SourceDate "2022.10.05"]
[SourceVersion "1"]
[SourceVersionDate "2022.10.05"]
[SourceQuality "1"]

1. d4 Nf6 2. c4 e6 3. g3 d5 4. Nf3 c5 5. cxd5 Nxd5 6. Bg2 cxd4 7. Nxd4 Bb4+ 8. Bd2 Bxd2+ 9. Qxd2 0-0 10. 0-0 b6 11. e4 Ne7 12. e5 Nd5 13. Nc3 Bb7 14. Ndb5 Nd7 15. Nd6 Ba6 16. Rfe1 Nxe5 17. Nxd5 exd5 18. Qxd5 Nd3 19. Nxf7 Qxd5 20. Bxd5 Nxe1 21. Ng5+ Kh8 22. Rxe1 Rab8 23. Nf7+ Kg8 24. Re7 h6 25. Ne5+ Kh7 26. Nd7 Bd3 27. Nxb8 Rxb8 28. Rxa7 Rd8 29. Bf3 Rc8 30. h4 Rc1+ 31. Kg2 Bf1+ 32. Kh2 Bd3 33. Rd7 Bb1 34. a3 Rc5 35. Rb7 b5 36. Be2 Be4 37. Re7 Bg6 38. b4 Rd5 39. Rb7 Rd2 40. Re7 Kg8 41. Kg1 Kf8 42. Re5 Ra2 43. Re3 Be8 44. Kg2 Ra1 45. Kf3 Kf7 46. Ke4 Kf6 47. Kd5 Kf7 48. Bh5+ g6 49. Bxg6+ Kxg6 50. Rxe8 Rxa3 51. Kc5 Rf3 52. Kxb5 Rxf2 53. Re6+ Kf7 54. Rxh6 Rg2 55. Rh7+ Kf8 56. Kc6 Rxg3 57. b5 Rc3+ 58. Kb7 Ke8 59. b6 Kd8 60. Ka6 Ra3+ 61. Kb5 Kc8 62. b7+ Kb8 63. h5 Rc3 64. h6 Ka7 65. Rg7 Rh3 66. h7 Kb8 67. Rg8+ 1-0

[Event "Alushta op"]
[Site "Alushta"]
[Date "2022.07.07"]
[Round "2"]
[White "Savvopulo, Anatolij"]
[Black "Gochelashvili, David"]
[Result "0-1"]
[WhiteElo "2005"]
[BlackElo "2324"]
[PlyCount "78"]
[EventDate "2022.07.06"]
[EventType "swiss"]
[EventRounds "9"]
[EventCountry "UKR"]
[SourceTitle "EXT 2023"]
[Source "ChessBase"]
[SourceDate "2022.10.05"]
[SourceVersion "1"]
[SourceVersionDate "2022.10.05"]
[SourceQuality "1"]

1. c4 Nf6 2. Nc3 e5 3. Nf3 Nc6 4. d4 exd4 5. Nxd4 Bb4 6. Nxc6 Bxc3+ 7. bxc3 bxc6 8. Bg5 h6 9. Bh4 c5 10. e3 d6 11. Bd3 Bb7 12. Rb1 Bc6 13. 0-0 Qe7 14. Qc2 0-0 15. Rb2 Qe6 16. Re1 Nd7 17. e4 Rae8 18. f4 f6 19. Bg3 Re7 20. Qf2 Nb6 21. Qf1 Rfe8 22. e5 Qf7 23. Rbe2 f5 24. Bh4 Re6 25. Re3 Nd7 26. Bg3 dxe5 27. fxe5 Rf8 28. Qe2 f4 29. Rf1 g5 30. Be4 Qe7 31. Bxf4 Bxe4 32. Rxe4 gxf4 33. Qg4+ Kh7 34. Rexf4 Nxe5 35. Qe2 Rxf4 36. Rxf4 Ng6 37. Qd3 Rd6 38. Qf5 Qe3+ 39. Rf2 Rd1# 0-1

[Event "Black Sea GP Rapid"]
[Site "Evpatoria"]
[Date "2021.10.28"]
[Round "3"]
[White "Savvopulo, Anatolij"]
[Black "Polukhin, Sergey"]
[Result "1-0"]
[WhiteElo "2005"]
[BlackElo "1410"]
[PlyCount "57"]
[EventDate "2021.10.28"]
[EventType "swiss (rapid)"]
[EventRounds "9"]
[EventCountry "UKR"]
[SourceTitle "CBM 204 Extra"]
[Source "ChessBase"]
[SourceDate "2021.11.30"]
[SourceVersion "1"]
[SourceVersionDate "2021.11.30"]
[SourceQuality "1"]

1. e4 c5 2. Nf3 Nc6 3. d4 cxd4 4. Nxd4 g6 5. Be3 Bg7 6. c3 Nf6 7. Nd2 0-0 8. Be2 d5 9. Nxc6 bxc6 10. e5 Nd7 11. f4 f6 12. exf6 Nxf6 13. 0-0 a5 14. Bd4 Rb8 15. b3 Bf5 16. g4 Bd7 17. f5 Re8 18. g5 Ne4 19. f6 exf6 20. Nxe4 Rxe4 21. gxf6 Bh6 22. f7+ Kf8 23. Bc5+ Re7 24. Qd4 Bg7 25. Qh4 Bf5 26. Qxh7 Kxf7 27. Rxf5+ gxf5 28. Bh5+ Ke6 29. Re1+ 1-0

[Event "UKR-ch sf"]
[Site "Alushta"]
[Date "2011.05.09"]
[Round "7"]
[White "Savvopulo, Anatolij"]
[Black "Baranovsky, Sergey"]
[Result "1/2-1/2"]
[WhiteElo "2116"]
[BlackElo "1980"]
[PlyCount "113"]
[EventDate "2011.05.03"]
[EventType "swiss"]
[EventRounds "9"]
[EventCountry "UKR"]
[SourceTitle "CBM 142 Extra"]
[Source "ChessBase"]
[SourceDate "2011.06.27"]
[SourceVersion "1"]
[SourceVersionDate "2011.06.27"]
[SourceQuality "1"]

1. Nf3 d5 2. e3 Nf6 3. b3 e6 4. Bb2 c5 5. Bb5+ Bd7 6. a4 a6 7. Bxd7+ Nbxd7 8. c4 Be7 9. 0-0 0-0 10. d3 Qc7 11. Nc3 dxc4 12. dxc4 Rfd8 13. Qc2 Nf8 14. Rad1 Ng6 15. Ne2 Rxd1 16. Rxd1 Rd8 17. Ng3 Rxd1+ 18. Qxd1 Qd6 19. Qxd6 Bxd6 20. Kf1 Bxg3 21. hxg3 Nd7 22. g4 f6 23. Ke2 Kf7 24. Kd3 h6 25. Ke4 Ne7 26. Ne1 Nc6 27. Bc3 b6 28. Nd3 a5 29. f4 Ne7 30. Ne1 Nc8 31. Nf3 Ke7 32. Kd3 Nd6 33. e4 Nf7 34. Ke3 Kd6 35. g3 e5 36. Nh4 g5 37. Nf5+ Kc7 38. Ne7 Kd6 39. Nd5 Ke6 40. Kf3 Kd6 41. Bb2 Ke6 42. Ke3 Nd8 43. Nc7+ Kf7 44. Nb5 Nc6 45. Nd6+ Kg6 46. Nb7 Nf8 47. Nd6 Nd7 48. Nb7 Nf8 49. Nd6 Nd7 50. Kf3 Nb4 51. Bc3 Nc6 52. Bb2 Nb4 53. Ba3 Nc6 54. Bb2 Nb4 55. Ba3 Nc6 56. Bb2 Nb4 57. Ba3 1/2-1/2

[Event "UKR-chT 17th"]
[Site "Alushta"]
[Date "2010.05.14"]
[Round "3.5"]
[White "Jobava, Baadur"]
[Black "Savvopulo, Anatolij"]
[Result "1-0"]
[WhiteElo "2715"]
[BlackElo "2100"]
[PlyCount "77"]
[EventDate "2010.05.13"]
[EventType "team-tourn"]
[EventRounds "11"]
[EventCountry "UKR"]
[SourceTitle "EXT 2019"]
[Source "ChessBase"]
[SourceDate "2018.10.10"]
[SourceVersion "1"]
[SourceVersionDate "2018.10.10"]
[SourceQuality "1"]
[WhiteTeam "Tschernihiw"]
[BlackTeam "Simferopol Tavriya"]
[WhiteTeamCountry "UKR"]
[BlackTeamCountry "UKR"]

1. c4 e5 2. Nc3 c5 3. g3 Nc6 4. Bg2 Nf6 5. d3 h6 6. Nf3 d6 7. 0-0 Be6 8. a3 Qc8 9. b4 Bh3 10. bxc5 Bxg2 11. Kxg2 dxc5 12. Nd5 Qd8 13. e4 Bd6 14. a4 0-0 15. a5 Rb8 16. Bb2 Nd7 17. Nh4 Nf6 18. Nf5 Kh7 19. f4 Nxd5 20. cxd5 Nd4 21. Bxd4 cxd4 22. Qg4 g6 23. Nxd6 Qxd6 24. fxe5 Qxe5 25. Qd7 Kg8 26. Rae1 Qg5 27. Rf4 Rbd8 28. Qc7 Qh5 29. Rf3 Qg4 30. Qf4 Qxf4 31. gxf4 Rc8 32. Rb1 Rc2+ 33. Rf2 Rc3 34. Rd2 Rb8 35. d6 Kf8 36. e5 Rc5 37. Rdb2 Rxa5 38. Rxb7 Rc8 39. Rb8 1-0

[Event "UKR-ch"]
[Site "Alushta"]
[Date "2010.05.05"]
[Round "3"]
[White "Savvopulo, Anatolij"]
[Black "Dolzhikova, Kateryna"]
[Result "0-1"]
[WhiteElo "2100"]
[BlackElo "2300"]
[PlyCount "118"]
[EventDate "2010.05.03"]
[EventType "swiss"]
[EventRounds "9"]
[EventCountry "UKR"]
[SourceTitle "CBM 136 Extra"]
[Source "ChessBase"]
[SourceDate "2010.07.02"]
[SourceVersion "2"]
[SourceVersionDate "2010.07.15"]
[SourceQuality "1"]

1. Nf3 d5 2. e3 Nf6 3. b3 c5 4. Bb2 Nc6 5. Bb5 Qb6 6. Bxc6+ Qxc6 7. Ne5 Qc7 8. d3 g6 9. h3 Bg7 10. Ng4 Bxg4 11. hxg4 0-0-0 12. g5 Ne8 13. Bxg7 Nxg7 14. Qg4+ Ne6 15. f4 d4 16. e4 Qxf4 17. Qxf4 Nxf4 18. 0-0 e5 19. Nd2 Kd7 20. Nf3 Kd6 21. g3 Ne6 22. Kg2 h6 23. gxh6 Rxh6 24. Rh1 Rdh8 25. Rxh6 Rxh6 26. Nh4 Rh8 27. Rf1 Ke7 28. Nf3 f6 29. Nh4 Kf7 30. Nf3 Kg7 31. Nh4 b5 32. Ra1 c4 33. bxc4 bxc4 34. Rb1 Nc5 35. dxc4 Nxe4 36. Rb7+ Kh6 37. Rxa7 Rb8 38. Nf3 Rb2 39. Ne1 d3 40. Nxd3 Rxc2+ 41. Kf3 Nd2+ 42. Ke3 Nf1+ 43. Kf3 Nh2+ 44. Ke3 Ng4+ 45. Ke4 f5+ 46. Kd5 Rd2 47. Ra3 e4 48. Kd4 Nf2 49. c5 Rxd3+ 50. Rxd3 exd3 51. Ke3 d2 52. Kxd2 Ne4+ 53. Ke3 Nxc5 54. Kf4 Kh5 55. a3 Na4 56. Kf3 Kg5 57. Kf2 Kg4 58. Kg2 f4 59. gxf4 Kxf4 0-1

[Event "UKR-ch"]
[Site "Alushta"]
[Date "2010.05.03"]
[Round "1"]
[White "Pavlov, Maxim"]
[Black "Savvopulo, Anatolij"]
[Result "1-0"]
[WhiteElo "2383"]
[BlackElo "2100"]
[PlyCount "73"]
[EventDate "2010.05.03"]
[EventType "swiss"]
[EventRounds "9"]
[EventCountry "UKR"]
[SourceTitle "CBM 136 Extra"]
[Source "ChessBase"]
[SourceDate "2010.07.02"]
[SourceVersion "2"]
[SourceVersionDate "2010.07.15"]
[SourceQuality "1"]

1. e4 c5 2. Nf3 d6 3. d4 cxd4 4. Nxd4 Nf6 5. Nc3 a6 6. f3 e5 7. Nb3 Be6 8. Be3 Nbd7 9. g4 h6 10. Qd2 Nb6 11. 0-0-0 Rc8 12. Kb1 Be7 13. Qe1 Qc7 14. h4 Nfd7 15. Be2 Nc5 16. Nxc5 dxc5 17. Nd5 Bxd5 18. exd5 c4 19. g5 h5 20. Bf1 Nd7 21. Bh3 0-0 22. d6 Bxd6 23. Qd2 Bc5 24. Bxd7 c3 25. Qxc3 Bxe3 26. Qxe3 Qxc2+ 27. Ka1 Rcd8 28. Qxe5 Qg2 29. Rhe1 Qxf3 30. a3 b5 31. Qe4 Qb3 32. g6 Kh8 33. Rd3 Qc2 34. Qf5 fxg6 35. Qxg6 Qc5 36. Bf5 Qxf5 37. Qxf5 1-0

[Event "UKR-ch"]
[Site "Alushta"]
[Date "2009.05.17"]
[Round "7"]
[White "Savvopulo, Anatolij"]
[Black "Aliferenko, Aleksei"]
[Result "0-1"]
[WhiteElo "2074"]
[BlackElo "2211"]
[PlyCount "106"]
[EventDate "2009.05.11"]
[EventType "swiss"]
[EventRounds "9"]
[EventCountry "UKR"]
[SourceTitle "CBM 130 Extra"]
[Source "ChessBase"]
[SourceDate "2009.07.02"]
[SourceVersion "2"]
[SourceVersionDate "2009.07.15"]
[SourceQuality "1"]

1. d4 Nf6 2. Nf3 g6 3. g3 Bg7 4. Bg2 0-0 5. 0-0 d6 6. c4 Nc6 7. Nc3 e5 8. dxe5 Nxe5 9. Nxe5 dxe5 10. Qxd8 Rxd8 11. Bg5 Rf8 12. Rad1 c6 13. b3 Bg4 14. h3 Be6 15. Rd3 h6 16. Bc1 Rfd8 17. Rfd1 Rxd3 18. Rxd3 Nd7 19. g4 Nc5 20. Rd1 f5 21. gxf5 gxf5 22. Ba3 Bf8 23. Bb2 a5 24. e3 a4 25. b4 a3 26. Ba1 Na6 27. b5 Nb4 28. bxc6 bxc6 29. Bf1 e4 30. f3 Nc2 31. Rc1 Nxa1 32. Rxa1 exf3 33. Kf2 Rb8 34. Rb1 Rxb1 35. Nxb1 Bb4 36. Kxf3 Kg7 37. Kf4 Kf6 38. Be2 Bf7 39. Bd3 Bd6+ 40. Kf3 Bh5+ 41. Kf2 Bb4 42. Bc2 Ke5 43. Ba4 Bf7 44. Bb3 f4 45. exf4+ Kxf4 46. Ke2 Bh5+ 47. Kf2 Bg6 48. Nxa3 Bxa3 49. Kg2 c5 50. Bd1 Bd3 51. Bb3 h5 52. Bd1 h4 53. Bb3 Ke3 0-1

[Event "UKR-ch"]
[Site "Alushta"]
[Date "2009.05.15"]
[Round "5"]
[White "Savvopulo, Anatolij"]
[Black "Kovtun, Sergei"]
[Result "0-1"]
[WhiteElo "2074"]
[BlackElo "2288"]
[PlyCount "76"]
[EventDate "2009.05.11"]
[EventType "swiss"]
[EventRounds "9"]
[EventCountry "UKR"]
[SourceTitle "CBM 130 Extra"]
[Source "ChessBase"]
[SourceDate "2009.07.02"]
[SourceVersion "2"]
[SourceVersionDate "2009.07.15"]
[SourceQuality "1"]

1. d4 d5 2. c4 c6 3. cxd5 cxd5 4. Nc3 Nc6 5. Nf3 Nf6 6. e3 a6 7. a3 b5 8. b4 Bd7 9. Bd2 Na7 10. Ne5 e6 11. Be2 Nc8 12. 0-0 Nb6 13. Nd3 Nc4 14. Nc5 Bc6 15. f4 Bd6 16. Bf3 Qc7 17. g3 h5 18. h4 g6 19. Qc2 Ke7 20. Kf2 Bxc5 21. dxc5 d4 22. exd4 Bxf3 23. Kxf3 Qc6+ 24. d5 Nxd5 25. Kf2 Rhd8 26. Nxd5+ Rxd5 27. Bc3 Rad8 28. Rfd1 Nxa3 29. Bf6+ Kxf6 30. Qc3+ Ke7 31. Rxd5 Qxd5 32. Rxa3 Qd1 33. Ke3 Qg1+ 34. Ke2 Rd1 35. Qc2 Re1+ 36. Kd2 Qf2+ 37. Kc3 Re3+ 38. Kd4 Qxc2 0-1